000 00745nas a2200241 4500
001 BR2014004509
003 BR-BrBNA
005 20231205124258.0
007 ta
008 230509b bl.|||p| |||| 00| 00por d
040 _aBR-BrBNA
_bpor
_cBiblioteca Nacional de Agricultura
041 _a(Pt)
072 _aF01
100 1 _aRodrigues, M.A.
245 1 _aAnálise comparativa de métodos de estimativa de área foliar em crisântemo de vaso
650 _aCRISÂNTEMO
650 _aANÁLISE COMPARATIVA
650 _aCRESCIMENTO
650 _aÁREA FOLIAR
773 0 _tRevista de Agricultura (Brazil)
_xISSN 0034-7655
_g(Jun 2014), v. 89(1) p. 24-28
_wBR2014004509
909 _a202311
_bLúcia
_c55
_dLúcia Elande
942 _2AGRIS
_n0
_cANA
999 _c238258
_d238258